Kraje Europy kończące się na literę A - Statystyki

Ogólne statystyki
  • Ten quiz został rozwiązany 298 razy
    287 od ostatniego zresetowania
  • Średni wynik to 29 z 35
Statystyki odpowiedzi
% Poprawnych
# Polska
99%
# Rosja
91%
# Francja
89%
# Hiszpania
89%
# Portugalia
89%
# Ukraina
89%
# Litwa
88%
# Słowacja
88%
# Szwecja
87%
# Estonia
85%
# Łotwa
85%
# Norwegia
85%
# Dania
84%
# Grecja
84%
# Albania
83%
# Holandia
83%
# Słowenia
83%
# Wielka Brytania
83%
# Andora
81%
# Belgia
81%
# Chorwacja
81%
# Finlandia
81%
# Irlandia
80%
# Rumunia
80%
# Austria
79%
# Bułgaria
79%
# Islandia
77%
# Serbia
76%
# Szwajcaria
76%
# Mołdawia
74%
# Turcja
74%
# Bośnia i Hercegowina
72%
# Czarnogóra
72%
# Macedonia Północna
70%
# Malta
70%
Nie znaleziono quizów pasujących do podanych kryteriów
Rozkład punktacji
Procent ludzi z każdym wynikiem
Percentyl według liczby udzielonych odpowiedzi
Twoja historia wyników
Nie rozwiązałeś tego quizu od ostatniego zresetowania